Road traffic and its controle (Record no. 543298)

000 -LEADER
fixed length control field 00360nam a22001217a 4500
082 ## - DEWEY DECIMAL CLASSIFICATION NUMBER
Classification number 388.312
Author Mark TRI
-- 18, P-4
100 ## - MAIN ENTRY--PERSONAL NAME
Personal name Tripp,Elker.
9 (RLIN) 38667
245 ## - TITLE STATEMENT
Title Road traffic and its controle
Statement of responsibility, etc. Tripp,Elker.
260 ## - PUBLICATION, DISTRIBUTION, ETC.
Place of publication, distribution, etc. London
Name of publisher, distributor, etc. Edward ARNOLD & Co.
Date of publication, distribution, etc. 1950
300 ## - PHYSICAL DESCRIPTION
Extent xv, 30623 p, :
Other physical details ill, :
Dimensions 20 cm
526 ## - STUDY PROGRAM INFORMATION NOTE
Program name 0
Interest level 0
Reading level 0
Title point value 388_312000000000000_TRI
942 ## - ADDED ENTRY ELEMENTS (KOHA)
Source of classification or shelving scheme
Koha item type Book
Holdings
Withdrawn status Lost status Source of classification or shelving scheme Damaged status Not for loan Permanent Location Current Location Date acquired Total Checkouts Total Renewals Full call number Barcode Date last seen Date last checked out Price effective from Koha item type
          Military College of Engineering (MCE) Military College of Engineering (MCE) 03/20/2014 1 1 388.312 TRI MCE-30623 01/09/2018 12/07/2017 03/20/2014 Book
© 2023 Central Library, National University of Sciences and Technology. All Rights Reserved.